000 00499nam a2200193 a 4500
005 20210219152919.0
008 991125n 000 0 spa u
035 _aUPN01000066928
100 1 _aVasconcelos, José,
_d1881-1959
222 _aEDUCACION :
_bREVISTA MENSUAL
245 _aCarta a la juventud de Colombia
260 _aMéxico
300 _a236-241
362 0 _a1923 Vol. 2, no. 4, ago.
653 0 _aCOLOMBIA
653 0 _aJUVENTUD
904 _aAC
_b004739
905 _aArticulo
999 _c63724
_d63724